Consorcios /

Guardado en:
Autor Principal: Orfila, Bartolomé A.
Formato: Libro
Idioma:Spanish
Publicado: Buenos Aires : Errepar, c2011.
Edición:3a. ed.
Series:Colección práctica profesional jurídica
Materias:
Acceso en línea:Actualizaciones online
Etiquetas: Agregar Etiqueta
Sin Etiquetas, Sea el primero en etiquetar este registro!
LEADER 00991nam a22002415a 4500
001 EAD.ead003296
008 121009s2011####ag############001#0#spa#d
005 20160212133033.0
245 1 0 |a Consorcios /  |c Bartolomé A. Orfila. 
250 |a 3a. ed. 
260 |a Buenos Aires :  |b Errepar,  |c c2011. 
300 |a 589 p. ;  |c 28 cm. 
490 0 |a Colección práctica profesional jurídica 
500 |a "Incluye actualización online"--Tapa. 
500 |a Incluye índices. 
505 0 |a Administradores -- Asambleas -- Expensas -- Práctica y jurisprudencia aplicada -- Propietarios: facultades, obligaciones, prohibiciones -- Responsabilidad del consorcio -- Aspectos laborales. 
020 |a 9789870112815 
100 1 |a Orfila, Bartolomé A. 
830 0 |a Colección práctica profesional jurídica 
082 0 4 |a 647.92  |2 21 
653 |a Propiedad horizontal 
856 4 2 |3 Actualizaciones online  |u http://www.errepar.com/ 
859 |a AR-BaBDC  |b BIB. ADMINISTRACION GABCOOP - Libros  |h 647.92  |i Or14a3  |p g01319